Professional Computing magazín pre IT profesionálov
| Previous Title: | Network Computing |
|---|---|
| Format: | Serial |
| Language: | Slovak Czech |
| PhysicalDescription: | zv. 30 cm |
| Published: |
Praha
DCD Publishing
2004-
|
| ISSN: | 1214-6269 1214-3138 |
| Edition: | [Slov. vyd.] |
| Subjects: |
MARC
| LEADER | 00000nas a2200000 a 4500 | ||
|---|---|---|---|
| 001 | vtls001486792 | ||
| 003 | SK-MaSNL | ||
| 005 | 20260228161253.0 | ||
| 008 | 041207c20049999xr fr | 0 0 0slo | ||
| 022 | |a 1214-6269 | ||
| 035 | |a SNK000442084 | ||
| 040 | |a SNK |b slo |c SNK |e AACR2 | ||
| 041 | 0 | |a slo |a cze | |
| 044 | |a xr |c CZ | ||
| 072 | 7 | |a 004 |x Počítačová veda. Výpočtová technika. Informačné technológie |2 konspekt | |
| 072 | 7 | |a 004.7 |x Počítačové siete |2 konspekt | |
| 080 | |a 050 |2 2011 | ||
| 080 | |a 004 |2 2011 | ||
| 080 | |a 621.39+004.7 |2 2011 | ||
| 080 | |a 004.7 |2 2011 | ||
| 080 | |a (051)-027.561 |2 2011 | ||
| 210 | 0 | |a Prof. Comput. |b (Praha Slov. vyd.) | |
| 222 | 0 | |a Professional Computing |b (Praha, Slovenské vyd.) | |
| 245 | 1 | |a Professional Computing |b magazín pre IT profesionálov | |
| 250 | |a [Slov. vyd.] | ||
| 260 | |a Praha |b DCD Publishing |c 2004- | ||
| 300 | |a zv. |c 30 cm | ||
| 310 | |a 1x mesačne | ||
| 362 | 0 | |a Roč. V, č. 1 (jan. 2004)- | |
| 500 | |a Číslo ISSN 1214-5335 uvedené v prvých troch číslach patrí českému vyd. | ||
| 500 | |a Text aj v češ. | ||
| 500 | |a Názov z obalu | ||
| 500 | |a Predtým ako: Network Computing | ||
| 500 | |a Označenie roč. pokračuje z predchádzajúcej seriálovej publikácie | ||
| 500 | |a Č. 2,3 má v tiráži chybne uvedené č. 1 ; č. 9-12 má v tiráži chybne uvedené č. 4 | ||
| 500 | |a Šéfredaktor: 2004- , Stanislav Kužel | ||
| 500 | |a Podnázov v tiráži: měsičník pro IT profesionály | ||
| 515 | |a Niektoré čísla vychádzajú ako dvojčíslo | ||
| 650 | 0 | 7 | |a informačné technológie |2 SNKPH |9 1527 |
| 650 | 0 | 7 | |a komunikačné technológie |2 SNKPH |9 1529 |
| 650 | 0 | 7 | |a počítačové siete |2 SNKPH |9 703 |
| 655 | 7 | |a odborné časopisy |2 SNKPH |9 70505 | |
| 775 | 0 | |t Professional Computing |b [České vyd.] |x 1214-5335 | |
| 780 | 0 | 0 | |t Network Computing |b [Slov. vyd.] |x 1214-3138 |
| 910 | |a snk | ||
| 999 | |c 4868 |d 6798 | ||
| 952 | |0 0 |1 0 |4 0 |7 0 |8 1 |a SNK |b SNK |d 2004-12-07 |i snk2017/28190 |l 0 |o snkČSB 6569/5/2004/1 |p 17A1267338 |r 2005-01-02 00:00:00 |t č. jan.-jún |w 2026-02-21 |y PREZ | ||
| 952 | |0 0 |1 0 |4 0 |7 0 |8 1 |a SNK |b SNK |d 2017-12-22 |i snk2017/28191 |l 0 |o snkČSB 6569/5/2004/2 |p 17A1267337 |r 2026-02-21 22:25:59 |t č. júl-dec. |w 2026-02-21 |y PREZ | ||


